LEADER 01438nam a2200301 i 4500 001 000000152090 003 CaOOAMICUS 005 20060724000000.0 008 060724s2006 gw u000 u ger u 013 $a129431 020 $a3-451-02220-3 040 $aSeMil$bita 100 1 $aRömelt, Josef,$c.$0(OLS)http://semarc/name/2568 245 10$aMenschenwürde und Freiheit :$bRechtsethik und Theologie des Rechts jenseits von Naturrecht und Positivismus /$cJosef Römelt. 260 $aFreiburg ; Basel ; Wien :$bHerder,$c2006. 300 $a191 p. ;$c22 cm. 490 0 $aQuaestiones disputatae ;$v220 500 $aContiene : Literaturverzeichnis. 650 4$aFilosofia del diritto.$0(OLS)http://semarc/subject/2001 650 4$aTeologia del diritto.$0(OLS)http://semarc/subject/4769 650 4$aEtica del diritto.$0(OLS)http://semarc/subject/29665 830 0$aQuaestiones disputatae ;$v220.$0(OLS)http://semarc/title/436628 850 $aSeMil 852 $aSeMil$W1$xVenegono$y1$m2M I 572$j104049$B104049$CSeMilBibl$Z2$F113103 $81 961 $aSottoscrizione: Herder 996 $6020$a3-451-02220-3$9(OLS)http://semarc/number/141722 996 $6245$aMenschenwürde und Freiheit :$bRechtsethik und Theologie des Rechts jenseits von Naturrecht und Positivismus$9(OLS)http://semarc/title/222309 996 $6260$aFreiburg ; Basel ; Wien :$bHerder$9(OLS)http://semarc/publisher/29643 LEADER 01078nam a2200241 i 4500 001 000000138867 003 CaOOAMICUS 005 20050812000000.0 008 050812s1990 it u000 u ita u 013 $a112822 040 $aSeMil$bita 100 1 $aBugossi, Tomaso.$0(OLS)http://semarc/name/6531 245 10$aMetafisica dell'uomo e filosofia dei valori in Michele Federico Sciacca /$cTomaso Bugossi. 260 $aGenova :$bStudio editoriale di cultura,$ccopyr. 1990. 300 $a92 p. ;$c24 cm. 490 0 $aBiblioteca di Studi Sciaccani ;$v4. 650 4$aSciacca, Michele Federico.$0(OLS)http://semarc/subject/11311 830 0$aBiblioteca di Studi Sciaccani ;$v4.$0(OLS)http://semarc/title/18097 850 $aSeMil 852 $aSeMil$W1$xVenegono$y1$m1130 1 4 *$j92308$B92308$CSeMilBibl$Z2$F98354 $81 961 $aLascito: Corradi mons. Enrico 996 $6245$aMetafisica dell'uomo e filosofia dei valori in Michele Federico Sciacca$9(OLS)http://semarc/title/202945 996 $6260$aGenova :$bStudio editoriale di cultura$9(OLS)http://semarc/publisher/33692